Uncertain times: (Record no. 226929)
[ view plain ]
| 000 -LEADER | |
|---|---|
| fixed length control field | 00996nam a22002417a 4500 |
| 005 - DATE AND TIME OF LATEST TRANSACTION | |
| control field | 20230307154132.0 |
| 008 - FIXED-LENGTH DATA ELEMENTS--GENERAL INFORMATION | |
| fixed length control field | 230307b ||||| |||| 00| 0 eng d |
| 020 ## - INTERNATIONAL STANDARD BOOK NUMBER | |
| International Standard Book Number | 9781957852003 |
| 040 ## - CATALOGING SOURCE | |
| Transcribing agency | AL |
| 041 ## - LANGUAGE CODE | |
| Language code of text/sound track or separate title | eng |
| 082 ## - DEWEY DECIMAL CLASSIFICATION NUMBER | |
| Edition number | 23 |
| Classification number | 612.8 |
| Item number | PERU |
| 100 ## - MAIN ENTRY--PERSONAL NAME | |
| Personal name | Roy Pereira |
| 100 ## - MAIN ENTRY--PERSONAL NAME | |
| 9 (RLIN) | 74493 |
| 245 ## - TITLE STATEMENT | |
| Title | Uncertain times: |
| Remainder of title | Wellness strategies from Neuroscience and Igantius |
| 260 ## - PUBLICATION, DISTRIBUTION, ETC. | |
| Place of publication, distribution, etc. | Los Angeles |
| Name of publisher, distributor, etc. | Center for Science and Spirituality |
| Date of publication, distribution, etc. | 2022 |
| 300 ## - PHYSICAL DESCRIPTION | |
| Extent | xxi,106p. |
| Other physical details | PB |
| Dimensions | 22x14cm. |
| 365 ## - TRADE PRICE | |
| Source of price type code | Psychology |
| Price type code | 02302 |
| Price amount | 500.00 |
| Currency code | ₹ |
| Unit of pricing | 500.00 |
| Price note | 0 |
| Price effective from | 01-12-2022 |
| 520 ## - SUMMARY, ETC. | |
| Summary, etc. | This text,then,will help young people discern healthy and unhealthy attachments…In short ,what he has given us is a roadmap for healthy and sustainable living for a generation of youth looking for a guide to healthier,more wholesome living."<br/> |
| 650 ## - SUBJECT ADDED ENTRY--TOPICAL TERM | |
| Topical term or geographic name entry element | Health and Healing |
| 9 (RLIN) | 74481 |
| 650 ## - SUBJECT ADDED ENTRY--TOPICAL TERM | |
| Topical term or geographic name entry element | Brain and Behavior Change |
| 9 (RLIN) | 74482 |
| 650 ## - SUBJECT ADDED ENTRY--TOPICAL TERM | |
| Topical term or geographic name entry element | Ignatian Insights |
| 9 (RLIN) | 74483 |
| 700 ## - ADDED ENTRY--PERSONAL NAME | |
| Personal name | PEREIRA (Roy) |
| 9 (RLIN) | 74484 |
| 942 ## - ADDED ENTRY ELEMENTS (KOHA) | |
| Source of classification or shelving scheme | Dewey Decimal Classification |
| Koha item type | Book |
| Withdrawn status | Lost status | Source of classification or shelving scheme | Damaged status | Not for loan | Collection code | Home library | Current library | Date acquired | Source of acquisition | Cost, normal purchase price | Total Checkouts | Full call number | Barcode | Date last seen | Date last checked out | Cost, replacement price | Price effective from | Koha item type |
|---|---|---|---|---|---|---|---|---|---|---|---|---|---|---|---|---|---|---|
| Dewey Decimal Classification | Psychology | St Aloysius Library | St Aloysius Library | 03/02/2023 | Papal Seminary Pune Maharashtra 411014 | 500.00 | 1 | 612.8 PERU | 076465 | 07/17/2025 | 06/20/2025 | 500.00 | 03/07/2023 | Book |